000 00326nam a2200133Ia 4500
005 20251222155211.0
008 251222s9999||||xx |||||||||||||| ||spa||
082 _aLEN.108
100 _aA.C.Backnertd
245 0 _aVolver a nacer la ciencia de la reencarnación
250 _a1ra. ed.
264 _bBock Trust
942 _cLIB
999 _c40313
_d40313